[Event "Hochsauerland-ch U16"]
[Site "Foeckinghausen"]
[Date "2003.01.05"]
[Round "5"]
[White "Bauermeister, Jonathan"]
[Black "Maas, Philipp"]
[Result "0-1"]
[WhiteElo "1084"]
[BlackElo "1136"]
[PlyCount "60"]
[EventDate "2003.01.??"]
[EventType "swiss"]
[EventRounds "5"]
[EventCountry "GER"]
[SourceTitle "EXT 2005"]
[Source "ChessBase"]
[SourceDate "2004.11.15"]
[SourceVersion "1"]
[SourceVersionDate "2004.11.15"]
[SourceQuality "1"]

1. e4 Nf6 2. Nc3 Nc6 3. Nf3 e5 4. d4 exd4 5. Nxd4 Bc5 6. Nxc6 dxc6 7. Qxd8+ Kxd8 8. Bc4 Nxe4 9. Nxe4 Re8 10. Bd3 Bf5 11. f3 Bb4+ 12. c3 Bc5 13. b4 Bd6 14. 0-0 Bxe4 15. fxe4 Be5 16. Bd2 Re7 17. Rf3 h6 18. Raf1 Ke8 19. Bc4 f6 20. Bd3 Rd8 21. c4 g5 22. b5 g4 23. Rf5 Rxd3 24. Bxh6 Bd4+ 25. Kh1 Rxe4 26. a4 g3 27. Bf4 gxh2 28. Kxh2 Re7 29. bxc6 Rh7+ 30. Rh5 Rxh5# 0-1

[Event "Hochsauerland-ch U14"]
[Site "Winterberg"]
[Date "2002.01.04"]
[Round "5"]
[White "Bauermeister, Jonathan"]
[Black "Maas, Philipp"]
[Result "1-0"]
[WhiteElo "1105"]
[BlackElo "1066"]
[PlyCount "43"]
[EventDate "2002.01.02"]
[EventType "swiss"]
[EventRounds "5"]
[EventCountry "GER"]
[SourceTitle "EXT 2005"]
[Source "ChessBase"]
[SourceDate "2004.11.15"]
[SourceVersion "1"]
[SourceVersionDate "2004.11.15"]
[SourceQuality "1"]

1. e4 e5 2. Bc4 Bc5 3. Qh5 Qf6 4. Nf3 d6 5. 0-0 Nh6 6. d3 Bg4 7. Qh4 Qg6 8. Ng5 f6 9. Bf7+ Kf8 10. Bxg6 hxg6 11. Nh3 Bxh3 12. Qxh3 Nf7 13. Qg3 d5 14. Re1 Nd6 15. Qxg6 dxe4 16. dxe4 Rh6 17. Qg3 f5 18. Bxh6 Bb4 19. Qxg7+ Ke8 20. c3 Ba5 21. Bg5 Bb6 22. Qe7# 1-0